[Event "Interclubs Adultes"]
[Site "?"]
[Date "2004.04.04"]
[Round "7.3"]
[White "Carteron, Olivier"]
[Black "Bazzazi, Abdelaziz"]
[Result "1-0"]
[WhiteElo "1630"]
[BlackElo "1951"]
[PlyCount "113"]
[EventDate "2004.??.??"]

1. d4 Nf6 2. Nf3 e6 3. Bg5 d5 4. c4 c6 5. cxd5 cxd5 6. Nc3 Be7 7. e3 a6 8. a4
O-O 9. Bd3 Nc6 10. O-O Qb6 11. Qb1 h6 12. Bh4 Nb4 13. Be2 Bd7 14. a5 Qd8 15.
Ne5 Be8 16. Rc1 Nc6 17. Nxc6 Bxc6 18. b4 Qd7 19. b5 axb5 20. Nxb5 Ne4 21. Bxe7
Qxe7 22. Nc3 Nd6 23. Qb4 Qd7 24. Na4 Bxa4 25. Rxa4 Rfc8 26. Raa1 Rc6 27. Rxc6
Qxc6 28. Bd3 Rc8 29. h3 g5 30. a6 bxa6 31. Rxa6 Qc1+ 32. Kh2 Ne8 33. Qe7 Qc7+
34. Qxc7 Rxc7 35. Ra8 Kf8 36. Bb5 Re7 37. Kg3 f5 38. Bxe8 Rxe8 39. Rxe8+ Kxe8
40. h4 Ke7 41. hxg5 hxg5 42. f4 Kf6 43. fxg5+ Kxg5 44. Kf3 Kg6 45. g4 Kg5 46.
gxf5 Kxf5 47. Ke2 Ke4 48. Kf2 Kd3 49. Kf3 Kd2 50. Kf2 Kd3 51. Kf3 Kc3 52. Kf2
Kd2 53. Kf3 Ke1 54. e4 Kd2 55. exd5 exd5 56. Kf4 Ke2 57. Ke5 1-0

[Event "Interclubs Adultes"]
[Site "?"]
[Date "2004.04.04"]
[Round "7.4"]
[White "Rodriguez, Jean-Pierre"]
[Black "Arnaud, Jean-Laurent"]
[Result "1-0"]
[WhiteElo "1941"]
[BlackElo "1570"]
[PlyCount "55"]
[EventDate "2004.??.??"]

1. d4 d5 2. Nf3 Nf6 3. e3 Bf5 4. c4 c6 5. Nc3 e6 6. Bd3 Bb4 7. Bxf5 Bxc3+ 8.
bxc3 exf5 9. Qb3 Qc7 10. Ba3 Nbd7 11. O-O b6 12. cxd5 c5 13. c4 O-O 14. Rfd1
Rfc8 15. Rac1 Qd6 16. Qd3 Ne4 17. Bb2 f6 18. Nh4 g6 19. g4 Nxf2 20. Kxf2 Qxh2+
21. Ng2 fxg4 22. Qe4 Re8 23. Qxg4 f5 24. Qf4 Qxf4+ 25. Nxf4 Re4 26. Ne6 h6 27.
Rh1 Kh7 28. Ng5+ 1-0

[Event "Interclubs Adultes"]
[Site "?"]
[Date "2004.04.04"]
[Round "7.5"]
[White "Doran, Niall"]
[Black "Paris, Thierry"]
[Result "1-0"]
[WhiteElo "1640"]
[BlackElo "1840"]
[PlyCount "91"]
[EventDate "2004.??.??"]

1. e4 e6 2. d4 d5 3. Nc3 dxe4 4. Nxe4 Nd7 5. Nf3 Ngf6 6. Bg5 Be7 7. Nxf6+ Bxf6
8. Bxf6 Nxf6 9. Bd3 O-O 10. Ne5 c5 11. O-O Qxd4 12. Nc4 b5 13. c3 Qd8 14. Nd6
c4 15. Bc2 Bd7 16. Qf3 Qc7 17. Rad1 Bc6 18. Qg3 Rfd8 19. Ne4 Qxg3 20. Nxf6+
gxf6 21. hxg3 Bd5 22. Rd4 Bc6 23. Rfd1 Rxd4 24. Rxd4 Bd5 25. Rh4 f5 26. g4 Be4
27. Bxe4 fxe4 28. Kf1 Rd8 29. Ke2 Kg7 30. Rh5 a6 31. Re5 Kg6 32. Rxe4 Kg5 33.
f3 Rd5 34. g3 h6 35. Rd4 f6 36. Rxd5+ exd5 37. Ke3 f5 38. gxf5 Kxf5 39. Kd4 Ke6
40. f4 h5 41. Kc5 a5 42. Kxb5 Kd6 43. Kxa5 Kc5 44. f5 Kd6 45. Kb5 Ke5 46. a4
1-0

[Event "Interclubs Adultes"]
[Site "?"]
[Date "2004.04.04"]
[Round "7.7"]
[White "Martin, Julien"]
[Black "Marechal, Stanislas"]
[Result "1-0"]
[WhiteElo "1270"]
[BlackElo "1460"]
[PlyCount "81"]
[EventDate "2004.??.??"]

1. e4 e6 2. Nf3 Nc6 3. Bb5 a6 4. Bxc6 bxc6 5. d3 d5 6. e5 Be7 7. c3 Nh6 8. Bxh6
gxh6 9. Nd4 Bd7 10. Nd2 c5 11. Ne2 Rg8 12. g3 c6 13. b3 Rg5 14. Nf3 Rf5 15. Nf4
h5 16. Rg1 Qa5 17. Qd2 O-O-O 18. g4 hxg4 19. Rxg4 h5 20. Rg1 d4 21. Rc1 dxc3
22. Rxc3 Rxf4 23. Qxf4 Qxc3+ 24. Ke2 Be8 25. Rd1 f6 26. Qa4 Kb7 27. exf6 Bxf6
28. Qe4 Bf7 29. Qh7 Bg7 30. Rg1 Qb2+ 31. Nd2 Rg8 32. Qe4 Bh6 33. Rd1 Bg5 34. h4
Bf6 35. Qe3 Bxh4 36. Qxc5 Rg5 37. Qe7+ Kb6 38. Qxf7 Re5+ 39. Kf1 Bxf2 40. Qxf2+
Kc7 41. Nc4 1-0

[Event "Interclubs Adultes"]
[Site "?"]
[Date "2004.04.04"]
[Round "7.8"]
[White "Vurpas, Fanny"]
[Black "Borron, Herve"]
[Result "0-1"]
[WhiteElo "1460"]
[BlackElo "1190"]
[PlyCount "108"]
[EventDate "2004.??.??"]

1. e4 e6 2. Nf3 d5 3. e5 c5 4. d4 Nc6 5. Bb5 Bd7 6. Bxc6 Bxc6 7. O-O Qb6 8. b3
cxd4 9. Nxd4 Bc5 10. Nxc6 Qxc6 11. Bb2 Ne7 12. c3 Ng6 13. b4 Bb6 14. Re1 O-O
15. Nd2 Rac8 16. Rc1 a5 17. Nf3 a4 18. a3 Ba7 19. Nd4 Qa6 20. g3 b5 21. Rc2 Qb6
22. Qe2 Rc4 23. h4 h6 24. h5 Ne7 25. Qd3 Nc6 26. Nf3 Rg4 27. Nh2 Rg5 28. Qd1
Rxg3+ 29. Kh1 Rg5 30. Bc1 Rxe5 31. Rg1 Kh8 32. Qg4 Rg8 33. Bxh6 Kh7 34. Bxg7
Ne7 35. Qg3 Rxh5 36. Qd3+ Nf5 37. Bd4 Qc7 38. f4 Bxd4 39. Rxg8 Kxg8 40. cxd4
Qxf4 41. Rg2+ Kh7 42. Qd1 Rh6 43. Qd3 Qxd4 44. Qb1 Qe4 45. Qxe4 dxe4 46. Rc2
Ng3+ 47. Kg2 Nf5 48. Kg1 Nd4 49. Rf2 f5 50. Rd2 e5 51. Rf2 f4 52. Ng4 Rg6 53.
Rh2+ Kg7 54. Rg2 f3 0-1